Normal view
MARC view
- Sidang Pengarang
Entry Corporate Name
001 - CONTROL NUMBER
- control field: 2395
003 - CONTROL NUMBER IDENTIFIER
- control field: OSt
005 - DATE AND TIME OF LATEST TRANSACTION
- control field: 20170508150404.0
008 - FIXED-LENGTH DATA ELEMENTS
- fixed length control field: 170508|| aca||aabn | a|a d
040 ## - CATALOGING SOURCE
- Original cataloging agency: OSt
- Transcribing agency: OSt
110 ## - HEADING--CORPORATE NAME
- Corporate name or jurisdiction name as entry element: Sidang Pengarang
670 ## - SOURCE DATA FOUND
- Source citation: Work cat.: (OSt)0: Ibn al-Jawzi, Abu al-Faraj Abd al-Rahman ibn Ali, 1116 (ca.)-1201 2393, Jerat syaitan /, 2000

PORTAL AKMAL
E-MEL JKDM
AKMAL2U
G-BAM
u-PUSTAKA